The development of criminal style in adolescence and young adulthood: Separating the lemmings from the loners

Saved in:  
Bibliographic Details
Authors: Goldweber, Asha (Author) ; Steinberg, Laurence D. 1952- (Author) ; Piquero, Alex R. 1970- (Author) ; Cauffman, Elizabeth (Author) ; Dmitrieva, Julia (Author)
Format: Electronic Article
Language:English
Published: 2011
In: Journal of youth and adolescence
Year: 2011, Volume: 40, Issue: 3, Pages: 332-346
Online Access: Volltext (kostenfrei)
Check availability: HBZ Gateway

MARC

LEADER 00000caa a22000002c 4500
001 1912512548
003 DE-627
005 20250122054948.0
007 cr uuu---uuuuu
008 241217s2011 xx |||||o 00| ||eng c
024 7 |a 10.1007/s10964-010-9534-5  |2 doi 
035 |a (DE-627)1912512548 
035 |a (DE-599)KXP1912512548 
040 |a DE-627  |b ger  |c DE-627  |e rda 
041 |a eng 
084 |a 2,1  |2 ssgn 
100 1 |a Goldweber, Asha  |e VerfasserIn  |4 aut 
245 1 4 |a The development of criminal style in adolescence and young adulthood: Separating the lemmings from the loners 
264 1 |c 2011 
336 |a Text  |b txt  |2 rdacontent 
337 |a Computermedien  |b c  |2 rdamedia 
338 |a Online-Ressource  |b cr  |2 rdacarrier 
700 1 |a Steinberg, Laurence D.  |d 1952-  |e VerfasserIn  |0 (DE-588)131637916  |0 (DE-627)512035083  |0 (DE-576)164440070  |4 aut 
700 1 |a Piquero, Alex R.  |d 1970-  |e VerfasserIn  |0 (DE-588)1038873037  |0 (DE-627)766624382  |0 (DE-576)176864784  |4 aut 
700 1 |a Cauffman, Elizabeth  |e VerfasserIn  |0 (DE-588)1057804797  |0 (DE-627)795241178  |0 (DE-576)377980447  |4 aut 
700 1 |a Dmitrieva, Julia  |e VerfasserIn  |4 aut 
773 0 8 |i Enthalten in  |t Journal of youth and adolescence  |d New York, NY [u.a.] : Springer Science + Business Media B.V., 1972  |g 40(2011), 3, Seite 332-346  |h Online-Ressource  |w (DE-627)320578542  |w (DE-600)2017317-9  |w (DE-576)102669392  |x 1573-6601  |7 nnas 
773 1 8 |g volume:40  |g year:2011  |g number:3  |g pages:332-346 
856 |u https://link.springer.com/content/pdf/10.1007/s10964-010-9534-5.pdf  |x unpaywall  |z Vermutlich kostenfreier Zugang  |h publisher [deprecated] 
856 4 0 |u https://doi.org/10.1007/s10964-010-9534-5  |x Resolving-System  |z kostenfrei  |3 Volltext  |7 0 
935 |a mkri 
951 |a AR 
ELC |a 1 
LOK |0 000 xxxxxcx a22 zn 4500 
LOK |0 001 4637478049 
LOK |0 003 DE-627 
LOK |0 004 1912512548 
LOK |0 005 20241217044324 
LOK |0 008 241217||||||||||||||||ger||||||| 
LOK |0 035   |a (DE-2619)ICPSR92857 
LOK |0 040   |a DE-2619  |c DE-627  |d DE-2619 
LOK |0 092   |o n 
LOK |0 852   |a DE-2619 
LOK |0 852 1  |9 00 
LOK |0 935   |a nacp 
LOK |0 939   |a 17-12-24  |b l01 
OAS |a 1 
ORI |a SA-MARC-krimdoka001.raw